[Event "Madrid ch - Semifinal A "]
[Site "Madrid ESP"]
[Date "2015.03.17"]
[Round "5.6"]
[White "Plazuelo Pascual, Juan"]
[Black "Beyerholm, Arne"]
[Result "1-0"]
[WhiteElo "2162"]
[BlackElo "2058"]
[PlyCount "79"]
[EventDate "2015.03.09"]
[EventType "swiss"]
[EventRounds "9"]
[EventCountry "ESP"]
[Source "lmi"]
[SourceDate "2015.03.09"]

1. d4 Nf6 2. c4 e6 3. Nf3 d5 4. e3 c5 5. cxd5 exd5 6. Bb5+ Bd7 7. Bxd7+ Nbxd7
8. dxc5 Bxc5 9. O-O O-O 10. Bd2 Ne4 11. Bc3 Ndf6 12. Bd4 Qb6 13. Bxc5 Qxc5 14.
Nbd2 Rac8 15. Rc1 Qxc1 16. Qxc1 Rxc1 17. Rxc1 Nd6 18. Nd4 Rc8 19. Rxc8+ Nxc8
20. f3 Nd6 21. b3 Kf8 22. Kf2 h5 23. Nb1 g6 24. Nc3 Ke7 25. Ke2 Nde8 26. Kd3
Nc7 27. Ncb5 Na6 28. Kc3 g5 29. Nxa7 Kd6 30. Nab5+ Ke5 31. Kd2 Ne8 32. Nc3 f5
33. Nd1 Nd6 34. Nf2 Nc5 35. Nd3+ Nxd3 36. Kxd3 h4 37. a4 g4 38. Ke2 h3 39. f4+
Kf6 40. gxh3 1-0

[Event "Madrid ch - Semifinal A "]
[Site "Madrid ESP"]
[Date "2015.03.17"]
[Round "5.7"]
[White "Rottenwohrer Suarez, Juan"]
[Black "Ballesteros Gonzalez, David"]
[Result "0-1"]
[WhiteElo "1640"]
[BlackElo "2192"]
[PlyCount "78"]
[EventDate "2015.03.09"]
[EventType "swiss"]
[EventRounds "9"]
[EventCountry "ESP"]
[Source "lmi"]
[SourceDate "2015.03.09"]

1. Nf3 Nf6 2. c4 d6 3. d4 g6 4. Nc3 Bg7 5. e4 O-O 6. Be2 e5 7. O-O exd4 8. Nxd4
Re8 9. f3 Nc6 10. Be3 a6 11. Qd2 Ne5 12. Rad1 Be6 13. Nd5 Nxd5 14. cxd5 Bd7 15.
Rfe1 Rc8 16. Rc1 c5 17. dxc6 Nxc6 18. b4 d5 19. Red1 dxe4 20. fxe4 Nxd4 21.
Bxd4 Rxc1 22. Qxc1 Ba4 23. Bxg7 Bxd1 24. Bxd1 Kxg7 25. Qc3+ Qf6 26. Qe3 Qa1 27.
Qd3 Rc8 28. Kf1 Qc3 29. Qxc3+ Rxc3 30. Bb3 Kf6 31. Bd5 b6 32. Ke2 Rc2+ 33. Kd3
Rb2 34. Kc3 Rf2 35. Kd4 Ke7 36. e5 Rd2+ 37. Kc4 Rxa2 38. Kc3 Ra3+ 39. Kd4 a5
0-1

[Event "Madrid ch - Semifinal A "]
[Site "Madrid ESP"]
[Date "2015.03.17"]
[Round "5.8"]
[White "Blanco Sanchez, Jose Fernando"]
[Black "Tejedor Ariza, Francisco"]
[Result "1/2-1/2"]
[WhiteElo "2062"]
[BlackElo "2032"]
[PlyCount "86"]
[EventDate "2015.03.09"]
[EventType "swiss"]
[EventRounds "9"]
[EventCountry "ESP"]
[Source "lmi"]
[SourceDate "2015.03.09"]

1. e4 g6 2. d4 d6 3. c4 Nf6 4. Nc3 Bg7 5. f4 O-O 6. Nf3 c5 7. dxc5 Qa5 8. Bd3
Qxc5 9. Qe2 Bg4 10. Be3 Qa5 11. O-O Nc6 12. a3 Nd7 13. b4 Qd8 14. Rac1 Nd4 15.
Qf2 Bxf3 16. Bxd4 e5 17. Be3 Bh5 18. f5 g5 19. Nd5 f6 20. Bxa7 Bf7 21. Nb6 Nc5
22. bxc5 Rxa7 23. cxd6 Qxd6 24. Nd5 Rxa3 25. c5 Qd7 26. Rfd1 Bxd5 27. Bc4 Kh8
28. Bxd5 Qc7 29. Qb2 Ra7 30. Be6 Rd8 31. Qb6 Rxd1+ 32. Rxd1 Qxb6 33. cxb6 Ra8
34. Rd7 Rb8 35. Bd5 Bf8 36. Bxb7 Bc5+ 37. Kf1 Bxb6 38. Ke2 h5 39. Rf7 Bg1 40.
h3 h4 41. Kd3 Rd8+ 42. Bd5 Rd6 43. Kc4 Be3 1/2-1/2

[Event "Madrid ch - Semifinal A "]
[Site "Madrid ESP"]
[Date "2015.03.17"]
[Round "5.9"]
[White "Lopez De Turiso, Jose Angel"]
[Black "Lorenzo Bailador, Alfredo"]
[Result "1-0"]
[WhiteElo "2046"]
[BlackElo "1998"]
[PlyCount "71"]
[EventDate "2015.03.09"]
[EventType "swiss"]
[EventRounds "9"]
[EventCountry "ESP"]
[Source "lmi"]
[SourceDate "2015.03.09"]

1. e4 e5 2. Bc4 Nf6 3. d3 Bc5 4. Nc3 d6 5. Na4 Bb4+ 6. c3 Ba5 7. b4 Bb6 8. Nxb6
axb6 9. f4 O-O 10. Nf3 exf4 11. Bxf4 d5 12. Bb3 dxe4 13. dxe4 Qxd1+ 14. Rxd1
Nxe4 15. Bxc7 Nxc3 16. Rd3 Re8+ 17. Ne5 Be6 18. Bxe6 fxe6 19. Rxc3 Rxa2 20. O-O
Nc6 21. Bd6 Rd2 22. Nc4 Rd5 23. Rcf3 g6 24. Rf8+ Rxf8 25. Rxf8+ Kg7 26. Rd8
Nxb4 27. Be5+ Kh6 28. Rxd5 Nxd5 29. Nd6 Kg5 30. Kf2 h5 31. Kf3 b5 32. Ke4 b4
33. Nf7+ Kg4 34. h3+ Kh4 35. Kf3 b5 36. Bg3# 1-0

[Event "Madrid ch - Semifinal A "]
[Site "Madrid ESP"]
[Date "2015.03.17"]
[Round "5.10"]
[White "Santamaria Baeza, Adolfo"]
[Black "Alvarez Abejon, Amilcar"]
[Result "0-1"]
[WhiteElo "1905"]
[BlackElo "2106"]
[PlyCount "98"]
[EventDate "2015.03.09"]
[EventType "swiss"]
[EventRounds "9"]
[EventCountry "ESP"]
[Source "lmi"]
[SourceDate "2015.03.09"]

1. e4 c6 2. d4 d5 3. exd5 cxd5 4. Nf3 Nc6 5. Be3 Bg4 6. Nbd2 Nf6 7. c4 e6 8. c5
Be7 9. Bb5 O-O 10. Bxc6 bxc6 11. Qa4 Qc7 12. Ne5 Rfc8 13. f3 Bf5 14. g4 Bg6 15.
h4 h5 16. Nxg6 fxg6 17. g5 Nd7 18. f4 e5 19. fxe5 Bxc5 20. dxc5 Qxe5 21. Qf4
Re8 22. Qxe5 Rxe5 23. Kf2 Rf8+ 24. Nf3 Ref5 25. Rh3 Ne5 26. Rf1 Rxf3+ 27. Rxf3
Rxf3+ 28. Ke2 Rxf1 29. Kxf1 Kf7 30. Ke2 Ke6 31. b4 a6 32. Bd4 Kf5 33. a4 Ke4
34. Bf2 d4 35. Bg3 Nc4 36. a5 d3+ 37. Kd1 d2 38. Ke2 Kd5 39. Bf4 Na3 40. Kxd2
Kc4 41. Bc7 Kxb4 42. Bb6 Nc4+ 43. Kd3 Nxa5 44. Ke4 Nc4 45. Kd4 a5 46. Bd8 a4
47. Bf6 a3 48. Kd3 gxf6 49. gxf6 a2 0-1

[Event "Madrid ch - Semifinal A "]
[Site "Madrid ESP"]
[Date "2015.03.17"]
[Round "5.11"]
[White "Marin Aso, Jose Luis"]
[Black "Andalon Gomez, Carlos J"]
[Result "1-0"]
[WhiteElo "2073"]
[BlackElo "2022"]
[PlyCount "133"]
[EventDate "2015.03.09"]
[EventType "swiss"]
[EventRounds "9"]
[EventCountry "ESP"]
[Source "lmi"]
[SourceDate "2015.03.09"]

1. d4 d5 2. Nf3 e6 3. c4 c6 4. cxd5 exd5 5. Nc3 Na6 6. Bf4 Nf6 7. e3 Nc7 8. Bd3
Ne6 9. Bg3 g6 10. O-O Be7 11. Rb1 Ng7 12. Qc2 Nf5 13. Be5 O-O 14. b4 a6 15. a4
b5 16. axb5 axb5 17. e4 dxe4 18. Nxe4 Bd7 19. Nxf6+ Bxf6 20. Be4 Rc8 21. Qb2
Be6 22. Bxf6 Qxf6 23. Ne5 Rfd8 24. Nxc6 Bd5 25. Bxd5 Rxd5 26. Ne5 Nxd4 27. Ng4
Qh4 28. Ne3 Rc2 29. Qxc2 Nxc2 30. Nxd5 Qc4 31. Ne3 Nxe3 32. fxe3 Qc3 33. Kf2 h5
34. h3 h4 35. Rfe1 Qd2+ 36. Re2 Qd3 37. Rbb2 Qf5+ 38. Kg1 Qe4 39. Kf2 g5 40.
Red2 Qf5+ 41. Kg1 Qe5 42. Re2 Kg7 43. Rbc2 Qe4 44. Rb2 Kg6 45. Kf2 Qe5 46. Rbd2
Qf5+ 47. Kg1 Qb1+ 48. Kh2 Qxb4 49. Rb2 Qd6+ 50. Kg1 b4 51. e4 Qe5 52. Kf1 Qf4+
53. Kg1 Qc1+ 54. Kf2 Qc4 55. e5 Kf5 56. Ke1 Qc3+ 57. Kf2 b3 58. Kf1 Kf4 59. Kf2
Qd4+ 60. Ke1 Qc3+ 61. Kf2 Qg3+ 62. Kf1 Qd3 63. Kf2 Qd4+ 64. Ke1 Qg1+ 65. Kd2
Qd4+ 66. Ke1 Kg3 67. Rxb3+ 1-0

[Event "Madrid ch - Semifinal A "]
[Site "Madrid ESP"]
[Date "2015.03.17"]
[Round "5.12"]
[White "Fernandez Aransay, Fernando"]
[Black "Pinel Mirasierra, Jose Pablo"]
[Result "1-0"]
[WhiteElo "1896"]
[BlackElo "2021"]
[PlyCount "87"]
[EventDate "2015.03.09"]
[EventType "swiss"]
[EventRounds "9"]
[EventCountry "ESP"]
[Source "lmi"]
[SourceDate "2015.03.09"]

1. e4 d6 2. d4 Nf6 3. Nc3 g6 4. f3 Bg7 5. Be3 c6 6. Qd2 Nbd7 7. O-O-O Qa5 8.
Kb1 b5 9. g4 b4 10. Nce2 O-O 11. h4 c5 12. Nc1 cxd4 13. Bxd4 Nc5 14. h5 Be6 15.
hxg6 fxg6 16. Qh2 Rf7 17. Nh3 Ncd7 18. Nf4 Nf8 19. Nxe6 Nxe6 20. Bc4 d5 21.
Bxd5 Nxd4 22. Bxf7+ Kxf7 23. Rxd4 Qb6 24. Rd3 a5 25. Qf4 Kg8 26. Rhd1 Rf8 27.
Qd2 h6 28. Rd8 Ne8 29. Qd5+ Kh7 30. e5 Nc7 31. Qc4 Rxd8 32. Rxd8 Ne6 33. Rd7
Bf8 34. f4 Kg7 35. f5 Nc5 36. f6+ Kh8 37. Rd1 exf6 38. Qf7 Bg7 39. Qxg6 a4 40.
Rd6 Qc7 41. exf6 Bf8 42. f7 Bg7 43. g5 Ne4 44. gxh6 1-0

[Event "Madrid ch - Semifinal A "]
[Site "Madrid ESP"]
[Date "2015.03.17"]
[Round "5.13"]
[White "Martos De La Vega, Alvar"]
[Black "Garcia Gutierrez, Jose"]
[Result "1-0"]
[WhiteElo "1984"]
[BlackElo "1947"]
[PlyCount "33"]
[EventDate "2015.03.09"]
[EventType "swiss"]
[EventRounds "9"]
[EventCountry "ESP"]
[Source "lmi"]
[SourceDate "2015.03.09"]

1. d4 Nf6 2. c4 e5 3. dxe5 Ne4 4. a3 d6 5. Nf3 Bf5 6. g3 h5 7. Bg2 Nc6 8. Nd4
Qd7 9. O-O h4 10. Nxf5 Qxf5 11. Qd3 hxg3 12. Qxe4 Qh5 13. h3 dxe5 14. fxg3 Bc5+
15. e3 Rd8 16. b4 Nd4 17. Nc3 1-0

[Event "Madrid ch - Semifinal A "]
[Site "Madrid ESP"]
[Date "2015.03.17"]
[Round "5.14"]
[White "Gonzalez Rivera, Eduardo"]
[Black "Roldan Garcia, Angel"]
[Result "1-0"]
[WhiteElo "2088"]
[BlackElo "1826"]
[PlyCount "103"]
[EventDate "2015.03.09"]
[EventType "swiss"]
[EventRounds "9"]
[EventCountry "ESP"]
[Source "lmi"]
[SourceDate "2015.03.09"]

1. e4 c5 2. Nf3 e6 3. d4 cxd4 4. Nxd4 Nc6 5. Nc3 Qc7 6. g3 a6 7. Bg2 Nf6 8. Be3
Bb4 9. Nde2 Ng4 10. Bf4 e5 11. Bd2 Qb6 12. O-O Bc5 13. Qe1 Qxb2 14. Nd5 O-O 15.
h3 Nf6 16. Rb1 Qxa2 17. Nxf6+ gxf6 18. Nc3 Qe6 19. Nd5 Qd6 20. Be3 b5 21. Bxc5
Qxc5 22. Nxf6+ Kg7 23. Ng4 d6 24. Qd2 Bxg4 25. Qg5+ Kh8 26. Qf6+ Kg8 27. hxg4
Nd4 28. g5 Qc8 29. Qxd6 Qe6 30. Qa3 Nxc2 31. Qd3 Nd4 32. f4 Rad8 33. Qe3 Nc2
34. Qf2 Na3 35. f5 Qc4 36. Rbd1 Rxd1 37. Rxd1 Rc8 38. f6 Nc2 39. Bh3 Rb8 40.
Rc1 Qxe4 41. Rxc2 b4 42. Bf5 Qd4 43. Qxd4 exd4 44. Rh2 Rb5 45. Bxh7+ Kf8 46.
Bd3 Rxg5 47. Rh8+ Rg8 48. Rxg8+ Kxg8 49. Kf2 a5 50. Kf3 a4 51. Ke4 b3 52. Kxd4
1-0

[Event "Madrid ch - Semifinal A "]
[Site "Madrid ESP"]
[Date "2015.03.17"]
[Round "5.15"]
[White "Tereso Martin, Antonio"]
[Black "Jimenez Gonzalez, Marcos"]
[Result "1-0"]
[WhiteElo "2033"]
[BlackElo "1851"]
[PlyCount "111"]
[EventDate "2015.03.09"]
[EventType "swiss"]
[EventRounds "9"]
[EventCountry "ESP"]
[Source "lmi"]
[SourceDate "2015.03.09"]

1. e4 c6 2. Nc3 d5 3. Nf3 Bg4 4. h3 Bxf3 5. Qxf3 e6 6. exd5 exd5 7. d4 Qf6 8.
Qg4 Qe6+ 9. Qxe6+ fxe6 10. Bf4 Bb4 11. Bd3 Ne7 12. O-O O-O 13. Ne2 Nf5 14. c3
Be7 15. Rfe1 Nd7 16. Rad1 Rae8 17. Bh2 Bd6 18. Bxd6 Nxd6 19. f4 Nf5 20. Bxf5
exf5 21. Ng3 g6 22. Kf2 Kf7 23. Kf3 Nb6 24. b3 Na8 25. Re5 Nc7 26. Ne2 Re6 27.
g4 fxg4+ 28. hxg4 Kg7 29. g5 Rxe5 30. dxe5 Ne6 31. Kg4 h5+ 32. gxh6+ Kxh6 33.
Rh1+ Kg7 34. Rf1 c5 35. Rd1 d4 36. cxd4 cxd4 37. b4 Kf7 38. Kf3 Ke7 39. Ke4 b5
40. Rd3 a5 41. a3 axb4 42. axb4 Rc8 43. Nxd4 Rc4 44. Ke3 Nc7 45. Kf3 Na6 46.
Nxb5 Rxb4 47. Nc3 Rc4 48. Nd5+ Ke6 49. Kg4 Nc5 50. Nc7+ Ke7 51. Rd6 Ne4 52.
Nd5+ Kf7 53. Rb6 Nf2+ 54. Kf3 Nd3 55. e6+ Ke8 56. Rb8+ 1-0

[Event "Madrid ch - Semifinal A "]
[Site "Madrid ESP"]
[Date "2015.03.17"]
[Round "5.16"]
[White "Corral Aragon, Juan Maria"]
[Black "Gil Sierra, Jacinto"]
[Result "1-0"]
[WhiteElo "1830"]
[BlackElo "1972"]
[PlyCount "87"]
[EventDate "2015.03.09"]
[EventType "swiss"]
[EventRounds "9"]
[EventCountry "ESP"]
[Source "lmi"]
[SourceDate "2015.03.09"]

1. e4 c5 2. Nf3 Nc6 3. d4 cxd4 4. Nxd4 Nf6 5. Nc3 d6 6. Bb5 Bd7 7. O-O e5 8.
Nf5 a6 9. Bxc6 Bxc6 10. Bg5 h6 11. Bxf6 Qxf6 12. Nd5 Bxd5 13. Qxd5 O-O-O 14. f4
Qe6 15. Ne3 Be7 16. f5 Qxd5 17. Nxd5 Bg5 18. Rf3 Kb8 19. Raf1 Rc8 20. c3 Rc4
21. Re1 b5 22. f6 g6 23. g3 h5 24. h4 Bh6 25. Rd3 Rd8 26. Red1 Rxe4 27. Nb4
Rxb4 28. cxb4 Kc7 29. Rc3+ Kd7 30. Ra3 Ra8 31. Rd5 Ke6 32. Rxb5 e4 33. Rba5 Bd2
34. Rxa6 Rc8 35. b5 Rc1+ 36. Kf2 Rc2 37. Rc6 Rxb2 38. Rb3 Rxa2 39. b6 Bc1+ 40.
Ke1 Bd2+ 41. Kd1 e3 42. b7 Ra1+ 43. Ke2 Re1+ 44. Kd3 1-0

[Event "Madrid ch - Semifinal A "]
[Site "Madrid ESP"]
[Date "2015.03.17"]
[Round "5.17"]
[White "Lopez Heras, Arturo"]
[Black "Pana, Dorin"]
[Result "0-1"]
[WhiteElo "1873"]
[BlackElo "1945"]
[PlyCount "120"]
[EventDate "2015.03.09"]
[EventType "swiss"]
[EventRounds "9"]
[EventCountry "ESP"]
[Source "lmi"]
[SourceDate "2015.03.09"]

1. e4 c5 2. Nf3 Nc6 3. d4 cxd4 4. Nxd4 Nf6 5. Nc3 e6 6. Be3 Bb4 7. Bd3 Qa5 8.
O-O Bxc3 9. bxc3 Qxc3 10. Nb5 Qa5 11. Nd6+ Kf8 12. Rb1 a6 13. Nc4 Qd8 14. Bc5+
Kg8 15. Nb6 d6 16. Nxa8 dxc5 17. Nb6 Nb4 18. Nxc8 Qxc8 19. a3 Nc6 20. Re1 g6
21. e5 Nd7 22. f4 Kg7 23. Qf3 b5 24. Be4 Nd4 25. Qd3 Rd8 26. c3 Nb3 27. Rbd1 c4
28. Qd6 Nbc5 29. Qc6 Qxc6 30. Bxc6 Nd3 31. Rf1 N7c5 32. g4 Na4 33. Rd2 Nxc3 34.
f5 Nd5 35. Re2 N5f4 36. Rd2 Nh3+ 37. Kh1 c3 38. Rc2 Nhf2+ 39. Kg2 Nxg4 40. fxe6
fxe6 41. Rxc3 Ne3+ 42. Kf3 Nxf1 43. Ke2 Nxh2 44. Rxd3 Rxd3 45. Kxd3 Ng4 46. Ke4
g5 47. Kd4 h5 48. Bf3 Kg6 49. Be4+ Kf7 50. Bf3 a5 51. Kc5 b4 52. axb4 axb4 53.
Kxb4 Kg6 54. Be4+ Kh6 55. Kc5 Nxe5 56. Kd6 Nc4+ 57. Kxe6 g4 58. Kf6 g3 59. Ba8
h4 60. Kf5 h3 0-1

[Event "Madrid ch - Semifinal A "]
[Site "Madrid ESP"]
[Date "2015.03.17"]
[Round "5.18"]
[White "Perez Agusti, Luis"]
[Black "Perez Cameselle, Francisco"]
[Result "0-1"]
[WhiteElo "1928"]
[BlackElo "1862"]
[PlyCount "100"]
[EventDate "2015.03.09"]
[EventType "swiss"]
[EventRounds "9"]
[EventCountry "ESP"]
[Source "lmi"]
[SourceDate "2015.03.09"]

1. d4 e6 2. Nf3 f5 3. g3 Nf6 4. Bg2 Be7 5. c4 O-O 6. Nc3 d5 7. cxd5 exd5 8. Ne5
c6 9. O-O Nbd7 10. f4 Nxe5 11. fxe5 Ne4 12. Qb3 Kh8 13. Be3 Qb6 14. Qxb6 axb6
15. Bxe4 fxe4 16. Rxf8+ Bxf8 17. Rf1 Kg8 18. a3 Bh3 19. Rc1 b5 20. Kf2 b4 21.
axb4 Bxb4 22. Ke1 Kf7 23. Bd2 Be7 24. Kd1 Ke6 25. Kc2 Bf5 26. Kb3 Bg4 27. Rf1
Bh3 28. Rf2 Ra1 29. e3 Bf1 30. Ne2 Bxe2 31. Rxe2 Rf1 32. Bb4 Bg5 33. Bd2 h5 34.
Kb4 b6 35. Kc3 c5 36. Rg2 Rf3 37. Re2 cxd4+ 38. Kxd4 Be7 39. b4 Bd8 40. Re1 Bc7
41. Kc3 Bxe5+ 42. Kc2 Rf2 43. g4 Rxh2 44. gxh5 Bd6 45. Kc1 Rxd2 46. Rg1 Rh2 47.
Rg6+ Kd7 48. Rxg7+ Kc6 49. Rh7 Bxb4 50. h6 Bd2+ 0-1

[Event "Madrid ch - Semifinal A "]
[Site "Madrid ESP"]
[Date "2015.03.18"]
[Round "6.1"]
[White "Pastor Alonso De Prado, Alberto"]
[Black "Garcia-Ruiz Fuentes, Aitor"]
[Result "1-0"]
[WhiteElo "2131"]
[BlackElo "2007"]
[PlyCount "89"]
[EventDate "2015.03.09"]
[EventType "swiss"]
[EventRounds "9"]
[EventCountry "ESP"]
[Source "lmi"]
[SourceDate "2015.03.09"]

1. e4 c5 2. c3 Nf6 3. e5 Nd5 4. d4 cxd4 5. Nf3 d6 6. Qxd4 e6 7. Na3 Nc6 8. Bb5
Qb6 9. exd6 Bd7 10. Bxc6 Bxc6 11. c4 Qxd4 12. Nxd4 Nb4 13. Nxc6 bxc6 14. c5
Nd3+ 15. Ke2 Nxc5 16. Nc4 f6 17. Rd1 Kd7 18. Be3 Nb7 19. f4 c5 20. b4 cxb4 21.
Rac1 Rd8 22. Ne5+ fxe5 23. Rc7+ Ke8 24. Rxb7 Bxd6 25. Rxa7 Bb8 26. Rb7 Rxd1 27.
Kxd1 Bd6 28. Bc5 Bxc5 29. Rb8+ Kf7 30. Rxh8 exf4 31. Rxh7 e5 32. Ke2 e4 33. Rh5
Bd6 34. Rb5 Kf6 35. g3 g5 36. gxf4 gxf4 37. h4 Bf8 38. h5 Kg7 39. Re5 e3 40.
Rf5 Bd6 41. Rb5 Bf8 42. Kf3 Kh6 43. Rf5 Bg7 44. Rxf4 Kxh5 45. Rxb4 1-0

[Event "Madrid ch - Semifinal A "]
[Site "Madrid ESP"]
[Date "2015.03.18"]
[Round "6.2"]
[White "Ortega Ruiz, Jose Miguel"]
[Black "Suarez Uriel, Adrian"]
[Result "1-0"]
[WhiteElo "2267"]
[BlackElo "2243"]
[PlyCount "58"]
[EventDate "2015.03.09"]
[EventType "swiss"]
[EventRounds "9"]
[EventCountry "ESP"]
[Source "lmi"]
[SourceDate "2015.03.09"]

1. d4 Nf6 2. c4 g6 3. Nc3 d5 4. Bf4 Bg7 5. e3 O-O 6. Rc1 c5 7. dxc5 Qa5 8. cxd5
Rd8 9. Bc4 Be6 10. b4 Qxb4 11. Qb3 Qxb3 12. Bxb3 Bf5 13. Nf3 Na6 14. c6 bxc6
15. dxc6 Nb4 16. Ne2 Rdc8 17. O-O Be6 18. Bxe6 fxe6 19. Ne5 Nfd5 20. a3 Bxe5
21. axb4 Bxf4 22. exf4 Nxb4 23. Nd4 Nd3 24. Rc2 Nxf4 25. Re1 Kf7 26. g3 Nd3 27.
Re3 e5 28. Nf3 Nb4 29. Nxe5+ Kg8 1-0

[Event "Madrid ch - Semifinal A "]
[Site "Madrid ESP"]
[Date "2015.03.18"]
[Round "6.3"]
[White "Ballesteros Gonzalez, David"]
[Black "Plazuelo Pascual, Juan"]
[Result "0-1"]
[WhiteElo "2192"]
[BlackElo "2162"]
[PlyCount "74"]
[EventDate "2015.03.09"]
[EventType "swiss"]
[EventRounds "9"]
[EventCountry "ESP"]
[Source "lmi"]
[SourceDate "2015.03.09"]

1. d4 Nf6 2. c4 e6 3. Nf3 Bb4+ 4. Bd2 Qe7 5. a3 Bxd2+ 6. Qxd2 d6 7. Nc3 O-O 8.
g3 e5 9. Bg2 Nc6 10. O-O Bg4 11. e3 exd4 12. exd4 Qd7 13. Rfe1 Na5 14. Qe2 Qf5
15. h3 Bxh3 16. Nh4 Qg4 17. Qd3 Bxg2 18. Kxg2 Qd7 19. b4 Qc6+ 20. Kg1 Qxc4 21.
Qxc4 Nxc4 22. Re7 Rfc8 23. Nf5 Kf8 24. Ree1 c6 25. a4 g6 26. Ne3 Nxe3 27. fxe3
Nd5 28. Nxd5 cxd5 29. Re2 Rc4 30. Rb1 Rac8 31. Rbb2 Rc1+ 32. Kg2 R8c3 33. a5
Ra1 34. g4 Raa3 35. Kf3 Rc4 36. Rh2 Kg7 37. Rh3 Rxe3+ 0-1

[Event "Madrid ch - Semifinal A "]
[Site "Madrid ESP"]
[Date "2015.03.18"]
[Round "6.4"]
[White "Cervino Rossel, Cristobal"]
[Black "Bajo Vicente, Alberto"]
[Result "1/2-1/2"]
[WhiteElo "2102"]
[BlackElo "2046"]
[PlyCount "85"]
[EventDate "2015.03.09"]
[EventType "swiss"]
[EventRounds "9"]
[EventCountry "ESP"]
[Source "lmi"]
[SourceDate "2015.03.09"]

1. d4 Nf6 2. Nf3 e6 3. g3 d5 4. Bg2 Be7 5. O-O O-O 6. c4 dxc4 7. Qa4 a6 8. Qxc4
b5 9. Qc2 Bb7 10. Bf4 Bd6 11. Bg5 Nbd7 12. Nc3 h6 13. Bxf6 Nxf6 14. Rad1 b4 15.
Na4 Be4 16. Qc1 Qe8 17. Nc5 Bd5 18. Ne5 Bxg2 19. Kxg2 Qb5 20. Ned3 Rfd8 21. e4
Nd7 22. Nxd7 Rxd7 23. b3 Rad8 24. Qa1 f5 25. e5 Be7 26. Nf4 Bg5 27. Nh3 Qd5+
28. Kg1 c5 29. f4 Be7 30. Nf2 cxd4 31. Qb1 Qb5 32. Rd3 Bc5 33. Rfd1 Bb6 34. g4
g6 35. gxf5 gxf5 36. Rg3+ Rg7 37. Rdd3 Rdd7 38. Qd1 Rxg3+ 39. Rxg3+ Rg7 40.
Rxg7+ Kxg7 41. Nd3 Qd5 42. Qh5 Qe4 43. Qe8 1/2-1/2

[Event "Madrid ch - Semifinal A "]
[Site "Madrid ESP"]
[Date "2015.03.18"]
[Round "6.5"]
[White "Spitzer Isbert, Ramon"]
[Black "Rodriguez De Castro, Ayar"]
[Result "0-1"]
[WhiteElo "2011"]
[BlackElo "2090"]
[PlyCount "192"]
[EventDate "2015.03.09"]
[EventType "swiss"]
[EventRounds "9"]
[EventCountry "ESP"]
[Source "lmi"]
[SourceDate "2015.03.09"]

1. Nf3 d5 2. c4 e6 3. b3 Nf6 4. Bb2 c5 5. e3 Nc6 6. Be2 Be7 7. O-O O-O 8. Ne5
Nxe5 9. Bxe5 Nd7 10. Bb2 b6 11. cxd5 exd5 12. Bf3 Bb7 13. d3 Rc8 14. Nd2 Qc7
15. Re1 Ne5 16. Be2 Bf6 17. Qc2 Qd7 18. f4 Ng4 19. Bxg4 Qxg4 20. Bxf6 gxf6 21.
Rf1 Kh8 22. Qb2 d4 23. Nc4 Rg8 24. Rf2 Rg7 25. exd4 Rcg8 26. d5 Bxd5 27. Ne3
Qe6 28. Nxd5 Qxd5 29. Qxf6 Qxd3 30. Re1 Qg6 31. Qb2 Qd6 32. f5 f6 33. Rd2 Qf4
34. Re6 Qxf5 35. Rxf6 Qe4 36. Rf1 Qe3+ 37. Kh1 Qe7 38. Rfd1 Rf8 39. Rf2 Rd8 40.
Rdf1 Kg8 41. Qc2 Qe6 42. Qd3 Re8 43. h3 Qe7 44. Qd5+ Kh8 45. Rf4 Reg8 46. Re4
Qb7 47. Qe5 Qc7 48. Qb2 Qd6 49. Ref4 Qd5 50. Rg4 Qd8 51. Qe5 Qe7 52. Qb2 Qd7
53. Rgf4 Qd5 54. Rg4 Qd7 55. Re1 Qf7 56. Rge4 Qb7 57. h4 Qf7 58. Qe5 Qc7 59.
Qc3 Qg3 60. Qxg3 Rxg3 61. R1e2 R3g4 62. Kh2 Rxe4 63. Rxe4 Rg7 64. g4 Rd7 65. h5
Kg7 66. Kg3 Kf7 67. g5 Rd2 68. Rf4+ Kg7 69. a4 Rd3+ 70. Rf3 Rd5 71. Kg4 Rd4+
72. Kf5 Rd5+ 73. Kg4 Rd4+ 74. Rf4 Rd3 75. h6+ Kg8 76. Kf5 Rxb3 77. Re4 Kf7 78.
Re5 Rf3+ 79. Kg4 Rd3 80. Rf5+ Kg8 81. Re5 Rd4+ 82. Kf5 Kf7 83. a5 Rd6 84. axb6
axb6 85. Re1 b5 86. Ra1 Rd5+ 87. Kf4 Rd7 88. Ra8 c4 89. Rh8 Ke6 90. Rg8 c3 91.
g6 hxg6 92. Rxg6+ Kd5 93. Rg7 c2 94. Rxd7+ Kc6 95. h7 c1=Q+ 96. Kg3 Qg1+ 0-1

[Event "Madrid ch - Semifinal A "]
[Site "Madrid ESP"]
[Date "2015.03.18"]
[Round "6.6"]
[White "Alvarez Abejon, Amilcar"]
[Black "Lopez De Turiso, Jose Angel"]
[Result "1/2-1/2"]
[WhiteElo "2106"]
[BlackElo "2046"]
[PlyCount "50"]
[EventDate "2015.03.09"]
[EventType "swiss"]
[EventRounds "9"]
[EventCountry "ESP"]
[Source "lmi"]
[SourceDate "2015.03.09"]

1. e4 e5 2. Nf3 Nc6 3. Bb5 a6 4. Ba4 d6 5. c3 f5 6. exf5 Bxf5 7. d4 e4 8. d5
exf3 9. Qxf3 Qe7+ 10. Kd1 Be4 11. Qh3 Bxd5 12. Re1 Be4 13. f3 Nf6 14. Bg5 Qd7
15. Qxd7+ Kxd7 16. fxe4 b5 17. Bb3 Ne5 18. Kc2 Be7 19. Nd2 Rhf8 20. a4 Nfg4 21.
Bxe7 Kxe7 22. axb5 axb5 23. Rxa8 Rxa8 24. h3 Nf6 25. Nf3 c6 1/2-1/2

[Event "Madrid ch - Semifinal A "]
[Site "Madrid ESP"]
[Date "2015.03.18"]
[Round "6.7"]
[White "Tejedor Ariza, Francisco"]
[Black "De La Puerta Cresis, Javier"]
[Result "1-0"]
[WhiteElo "2032"]
[BlackElo "2097"]
[PlyCount "101"]
[EventDate "2015.03.09"]
[EventType "swiss"]
[EventRounds "9"]
[EventCountry "ESP"]
[Source "lmi"]
[SourceDate "2015.03.09"]

1. e4 c5 2. Nf3 d6 3. d4 cxd4 4. Nxd4 Nf6 5. Nc3 a6 6. Be2 e6 7. Be3 b5 8. a3
Bb7 9. f3 Nbd7 10. Qd2 Rc8 11. Nb3 Be7 12. O-O O-O 13. Kh1 Qc7 14. Rac1 d5 15.
exd5 Nxd5 16. Nxd5 Bxd5 17. Bf4 Qb6 18. Be3 Qc7 19. Bf4 Qb7 20. Na5 Qa8 21. c4
bxc4 22. Nxc4 Rfd8 23. Na5 e5 24. Rxc8 Rxc8 25. Bg3 e4 26. fxe4 Bxe4 27. Qxd7
Bxg2+ 28. Kg1 Bc5+ 29. Bf2 Bxf1 30. Bxf1 Bxf2+ 31. Kxf2 Rc2+ 32. Ke3 g6 33. Nc4
Rxh2 34. Nd6 Qf8 35. Ne4 Qh6+ 36. Kd3 Qf4 37. Be2 Qb8 38. Nc3 h5 39. b4 h4 40.
Ne4 Qe5 41. Bg4 f5 42. Ng5 Qg3+ 43. Bf3 Rd2+ 44. Kxd2 Qxg5+ 45. Ke2 Qc1 46.
Bd5+ Kh8 47. Qd8+ Kg7 48. Qe7+ Kh8 49. Qf8+ Kh7 50. Bg8+ Kh8 51. Bf7+ 1-0

[Event "Madrid ch - Semifinal A "]
[Site "Madrid ESP"]
[Date "2015.03.18"]
[Round "6.8"]
[White "Correas Gonzalez, Jose Ramon"]
[Black "Marin Aso, Jose Luis"]
[Result "1/2-1/2"]
[WhiteElo "2091"]
[BlackElo "2073"]
[PlyCount "50"]
[EventDate "2015.03.09"]
[EventType "swiss"]
[EventRounds "9"]
[EventCountry "ESP"]
[Source "lmi"]
[SourceDate "2015.03.09"]

1. e4 c5 2. Nf3 e6 3. d4 cxd4 4. Nxd4 Nc6 5. Nc3 a6 6. Be2 Nge7 7. O-O Nxd4 8.
Qxd4 Nc6 9. Qd1 b5 10. Be3 Bb7 11. f4 Rc8 12. a4 b4 13. Nb1 Qc7 14. Bd3 Na5 15.
Nd2 Bc5 16. Bxc5 Qxc5+ 17. Kh1 O-O 18. f5 f6 19. fxe6 dxe6 20. Qg4 Qe7 21. Rae1
Rc5 22. Nf3 Nc4 23. b3 Ne5 24. Nxe5 Rxe5 25. Bc4 Kh8 1/2-1/2